Obras espirituales del venerable Padre Luis de la Puente, de la Compañia de Jesus, natural de la ciudad de Valladolid

Detalles Bibliográficos
Autor principal: Puente, Luis de la, 1554-1624
Formato: Libro
Lenguaje:Spanish
Publicado: en Madrid : en la imprenta de Antonio Marin, 1753-
Materias:
Colección:Banco de datos
Acervo:Biblioteca Félix de Jesús Rougier de los Misioneros del Espíritu Santo. Fondo Antiguo
Descripción Física:26 t. ; 8°
Tema general:Ascética
Notas:Portada tipográfica con pleca en grabado xilográfico. Texto a renglón seguido con notas a pie de página. Incluye cabecera de título en grabado xilográfico. Incluye capitular floreada en grabado xilográfico. Tomo con portada y numeración propias. Año del t. 1 publicado en 1753. Paginación: t. 1 [2] h., 293 p. Encuadernación en pergamino. Sello en tinta de Domus S. Filipi a Iesu, Mexici. Sello en tinta de la Biblioteca Félix de Jesús Rougier
LEADER 01233nam a22001930004500
035 |a 77 
041 0 |a spa 
100 1 |a Puente, Luis de la, 1554-1624 
245 1 0 |a Obras espirituales del venerable Padre Luis de la Puente, de la Compañia de Jesus, natural de la ciudad de Valladolid 
260 |a en Madrid : en la imprenta de Antonio Marin, 1753- 
300 |a 26 t. ; 8° 
500 |a Portada tipográfica con pleca en grabado xilográfico. Texto a renglón seguido con notas a pie de página. Incluye cabecera de título en grabado xilográfico. Incluye capitular floreada en grabado xilográfico. Tomo con portada y numeración propias. Año del t. 1 publicado en 1753. Paginación: t. 1 [2] h., 293 p. Encuadernación en pergamino. Sello en tinta de Domus S. Filipi a Iesu, Mexici. Sello en tinta de la Biblioteca Félix de Jesús Rougier 
504 |a Al principio de la obra está el índice de capítulos 
505 0 0 |a t. 1 Tratado tercero. De la perfecta contemplacion, y union con Dios 
650 1 0 |a Ascética 
949 |a Biblioteca Félix de Jesús Rougier, Fondo Antiguo t. 1 (80) 
942 |c ROUGIER 
943 |g Biblioteca Félix de Jesús Rougier de los Misioneros del Espíritu Santo. Fondo Antiguo 
999 |c 945096  |d 945096